000
00307nam a2200121Ia 4500
008
191201s2019 xx 000 0 und d
100
_a
KASTURE, PV AND PARAKH,SR
245
0
_a
Pharmaceutics I
260
_b
Nirali Pub
_a
New Delhi
_c
2019
300
_a
MISC
650
_a
Pharmaceutics - 23
942
_2
ddc
_c
BK
_0
3
999
_c
8297
_d
8297